01494nam a2200181Ia 4500001001300000003001000013008004100023040002500064041000700089100003100096245008000127250001100207260002900218300001100247500095700258650006001215700003701275b6051-42313 IT-MiCISF161014s9999||||xx |||||||||||||| ||und|| aIT-MiCISFcIT-MiCISF ait aConsonni Carla (a cura di) 0aApro gli occhi sulla vitabIl cammino per l'indipendenza nei primi tre anni a1a ed. aBolognabDehonianec2006 app. 69 a / educazione-genitori, genitorialità, figli-piccoli / Il volume offre indicazioni pratiche e suscita riflessioni sulla necessità di sostenere i genitori, rendendoli più consapevoli delle loro risorse e competenze nel compito educativo soprattutto nella fascia di età che va da zero a tre anni, che è una fase evolutiva di particolare importanza per lo sviluppo del bambino. Nella prima parte, le AA. si soffermano a tratteggiare il quadro delle relazioni che si sviluppano tra le figure di accudimento e il bambino. La seconda parte approfondisce le fasi evolutive che conducono il bambino verso la separazione e gli aprono il cammino verso lo strutturarsi solido e armonico della personalità. In questa seconda parte, grande spazio è dato ai bisogni dei genitori e al loro ascolto, nella consapevolezza che non si possono sostenere e accompagnare i genitori nel loro compito educativo se non rinforzando e incoraggiando le loro risorse. a Genitorialità e problemi educativi / educazionee004 aFerrari Maria Grazia (a cura di)